000 00479nam a2200169Ia 4500
008 090711s9999 xx 000 0 und d
082 _b66344
100 _aमेहता शशिकला
245 _aसांगुकुणा
260 _c1979
300 _a184
600 _aमेहता शशिकला
630 _aसांगुकुणा
700 _aमेहता शशिकला
730 _aसांगुकुणा
942 _cBOOK
999 _c300862
_d300862